Safe fire fighting First things first Volume 1

Quỹ Châu Á

Spremljeno u:
Bibliografski detalji
Glavni autor: Kidd, Steve
Daljnji autori: Czajkowki, John
Format: Knjiga
Jezik:Undetermined
Izdano: Boston McGraw Hill 2007
Teme:
Online pristup:http://lrc.tdmu.edu.vn/opac/search/detail.asp?aID=2&ID=34496
Oznake: Dodaj oznaku
Bez oznaka, Budi prvi tko označuje ovaj zapis!
Thư viện lưu trữ: Trung tâm Học liệu Trường Đại học Thủ Dầu Một
LEADER 00939nam a2200241Ia 4500
001 TDMU_34496
008 210410s9999 xx 000 0 und d
082 |a 005.74 
090 |b K302 
100 |a Kidd, Steve 
245 0 |a Safe fire fighting 
245 0 |b First things first 
245 0 |c Steve Kidd, John Czajkowki, Garry Briese 
245 0 |n Volume 1 
260 |a Boston 
260 |b McGraw Hill 
260 |c 2007 
300 |a 296 p. 
520 |a Quỹ Châu Á  |c Tặng; 11 Chapters: Welcome to the fire service; basic first aid and CPR; Protective Equipment; preconnected attack lines; response safety and vechicle crashes; xetinguishing small fires;... 
650 |a Safe fire fighting; An toàn cá nhân  |x Phòng cháy chữa cháy 
700 |a Czajkowki, John 
856 |u http://lrc.tdmu.edu.vn/opac/search/detail.asp?aID=2&ID=34496 
980 |a Trung tâm Học liệu Trường Đại học Thủ Dầu Một